书目信息 |
| 题名: |
金属物理学
|
|
| 作者: | 冯端 著 | |
| 分册: | 第一卷 结构与缺陷 | |
| 出版信息: | 北京 科学出版社 1987 |
|
| 页数: | 589页 | |
| 开本: | 20cm | |
| 丛书名: | 凝聚态物理学丛书 | |
| 单 册: | ||
| 中图分类: | O469 | |
| 科图分类: | ||
| 主题词: | 电子物理学 , 真空电子学 | |
| 电子资源: | ||
| ISBN: | 7-03-006431-3 | |
| 000 | 00661nam0 2200229 450 | |
| 001 | 0735592734 | |
| 005 | 20070906095312.73 | |
| 010 | @a7-03-006431-3@d¥38.00 | |
| 100 | @a20070906d km y0chiy0120 ea | |
| 101 | 0 | @achi |
| 200 | 1 | @a金属物理学@Ajin shu wu li xue@h第一卷@i结构与缺陷@f冯端等著@Ffeng duan deng zhu |
| 210 | @a北京@c科学出版社@d1987 | |
| 215 | @a589页@d20cm | |
| 225 | 2 | @a凝聚态物理学丛书 |
| 410 | 0 | @12001 @a凝聚态物理学丛书 |
| 517 | 1 | @a结构与缺陷@Ajie gou yu que xian |
| 606 | 0 | @a电子物理学 |
| 606 | 0 | @a真空电子学 |
| 690 | @aO469@v3 | |
| 701 | 0 | @a冯端@Afeng duan@4著 |
| 801 | 0 | @aCN@bPFT@c20070906 |
| 905 | @a213230@dO469@eP3:1@f1 | |
| 金属物理学.第一卷.结构与缺陷/冯端等著.-北京:科学出版社,1987 |
| 589页;20cm.-(凝聚态物理学丛书) |
| ISBN 7-03-006431-3:¥38.00 |
| ● |
| 相关链接 |
|
|
|
|
正题名:金属物理学
索取号:O469/P3:1
 
预约/预借
| 序号 | 登录号 | 条形码 | 馆藏地/架位号 | 状态 | 备注 |
| 1 | 7200823 | 272008230 | 密集书库-物理学院/ [索取号:O469/P3:1] | 在馆 |